Komentár k zákonu NR SR o prídavkoch na deti a o príplatku k prídavkom na deti
Postupne uverejňovaný podrobný odborný komentár a konkrétne príklady k jednotlivým paragrafom zákona č.193/1994 Z.z. z 1.7.1994 spracovaný špecialistami MPSVR SR.
Saved in:
| Main Author: | |
|---|---|
| Other Authors: | |
| Format: | Book Chapter |
| Language: | Slovak |
| Subjects: | |
| Tags: |
No Tags, Be the first to tag this record!
|
MARC
| LEADER | 00000naa a2200000 4500 | ||
|---|---|---|---|
| 001 | r024191 | ||
| 005 | 20221213113748.8 | ||
| 041 | 0 | |a slo | |
| 044 | |a SK | ||
| 245 | 1 | 0 | |a Komentár k zákonu NR SR o prídavkoch na deti a o príplatku k prídavkom na deti |c M. Štefanovová, M. Škodová |
| 520 | |a Postupne uverejňovaný podrobný odborný komentár a konkrétne príklady k jednotlivým paragrafom zákona č.193/1994 Z.z. z 1.7.1994 spracovaný špecialistami MPSVR SR. | ||
| 610 | 2 | 0 | |a prídavky na deti |
| 610 | 2 | 0 | |a príplatky |
| 610 | 2 | 0 | |a zákony |
| 610 | 2 | 0 | |a Slovensko |
| 610 | 2 | 0 | |a 1994 |
| 610 | 2 | 0 | |a metodika |
| 100 | 1 | |a Štefanovová, M. | |
| 700 | 1 | |a Škodová, M. | |